| 000 | 00684cab a2200217 4500 | ||
|---|---|---|---|
| 001 | WB3147-44 | ||
| 008 | 090401t1995 xxu||||| |||| 00| 0 eng d | ||
| 035 | _a(Sirsi) u51560 | ||
| 041 | _aeng | ||
| 245 | _aNew road bodies proposed | ||
| 260 | _c1995 | ||
| 350 | _a0 | ||
| 490 |
_aFinancial Times _v14 December 1995, 1&20 |
||
| 520 | _aGovernment proposes to set up new bodies to manage the UK road network, funded by road tolls or higher fuel duties. | ||
| 650 | _aROAD TOLLS | ||
| 650 | _aPROPERTY-INFRASTRUCTURE-TRANSPORT INFRASTRUCTURE-ROAD INFRASTRUCTURE | ||
| 650 | _aTRANSPORT POLICY | ||
| 690 | _aTRANSPORT AND COMMUNICATIONS | ||
| 942 | _n0 | ||
| 948 | _c04/03/1997 | ||
| 999 |
_c32009 _d32009 |
||